FREDDIE VS THE FAMILY CURSE

Bibliographic Details
Main Author: Badua, Tracy (Author)
Format: Book
Published: New York : Clarion Books 2023
Subjects:

MARC

LEADER 00000cam a2200000 7i4500
001 0000315519
005 20241025160836.0
006 a## g### ### 000 1
008 t20232022xxu# g 000 1eng d
020 |a 9780358749288 
040 |a MBPJ   |b eng   |c MBPJ   |e rda 
090 0 0 |a JF   |b BAD 
100 1 |a Badua, Tracy ,   |e author 
245 0 0 |a FREDDIE VS THE FAMILY CURSE   |c TRACY BADUA 
264 1 |a New York :   |b Clarion Books   |c 2023 
300 |a 250 pages ;   |c 20 cm. 
336 |a text  |2 rdacontent 
337 |a unmediated  |2 rdamedia 
338 |a volume  |2 rdacarrier 
650 0 |a Children's stories 
999 |a 00413370   |b BUKU   |c PINJAMAN   |e PERPUSTAKAAN KOMUNITI PETALING JAYA